Az Izraeli Kommunista Párt küldöttsége Szegeden
Elmentve itt :
| Szerző: | |
|---|---|
| Dokumentumtípus: | Cikk |
| Megjelent: |
1971-08-15
|
| Sorozat: | Délmagyarország
61 No. 192 |
| Kulcsszavak: | külföldi politikusok látogatásai |
| Online Access: | http://dmarchiv.bibl.u-szeged.hu/112485 |
| LEADER | 00502nab a2200157 i 4500 | ||
|---|---|---|---|
| 001 | delm112485 | ||
| 005 | 20190410140521.0 | ||
| 008 | 190410s1971 hu o 0|| hun d | ||
| 040 | |a SZTE Délmagyarország Archívum |b hun | ||
| 041 | |a hun | ||
| 100 | 1 | |a Somogyi Károlyné | |
| 245 | 1 | 3 | |a Az Izraeli Kommunista Párt küldöttsége Szegeden |h [elektronikus dokumentum] / |c Somogyi Károlyné |
| 260 | |c 1971-08-15 | ||
| 300 | |a 1 | ||
| 490 | 0 | |a Délmagyarország |v 61 No. 192 | |
| 695 | |a külföldi politikusok látogatásai | ||